Name That Liquid! (Elements, Compounds, Mixtures in Chemistry) - Statistics

General Stats
  • This quiz has been taken 1,073 times
  • The average score is 14 of 21
Answer Stats
Hint Liquid % Correct
Metal that is one of only two elements liquid at room temperature {mercury}
97%
Chemical with formula H2O that makes up most of the human body {water}
96%
Molten subterranean material from which all igneous rocks are formed {magma}
85%
Alcohol with formula C2H6O, it is the active ingredient in alcoholic drinks {ethanol}
81%
White liquid food produced by the mammary glands of mammals {milk}
79%
Circulatory system fluid that delivers nutrients and oxygen to cells {blood}
78%
Weak organic acid with formula HOC(CO2H)(CH2CO2H)2 found in lemons {citric} acid
71%
Liquid byproduct of metabolism that flows from the kidneys {urine}
71%
Alcohol with formula CH3OH, drinking it can cause blindness and death {methanol}
70%
Petroleum-derived liquid that is fuel in internal combustion engines {gasoline}
69%
Sweet, viscous liquid produced by the genus Apis {honey}
66%
Alcohol with formula CH3CHOHCH3, a common antiseptic and sanitizer {isopropyl} alcohol
66%
Halogen that is one of only two elements liquid at room temperature {bromine}
65%
Organic compound with formula (CH3)2CO used in nail polish removers {acetone}
64%
Mineral acid with formula H2SO4, used in car batteries {sulfuric} acid
64%
Aqueous solution of 5–8% acetic acid used in the culinary arts {vinegar}
64%
Strong acid found in the gastric acid of the stomach {hydrochloric} acid
61%
Most common cryogenic liquid, with a boiling point of −195.8 °C {liquid} {nitrogen}
61%
Chemical product that removes color, usually sodium hypochlorite {bleach}
57%
Organic compound with formula C6H6, a major component of crude oil {benzene}
44%
Any nonpolar chemical of hydrocarbons that is hydrophobic and lipophilic {oil}
37%
No matching quizzes found
Score Distribution
Percent of People with Each Score
Percentile by Number Answered
Your Score History
You have not taken this quiz